[Event "FRA-ch U18"]
[Site "Agen"]
[Date "2023.04.24"]
[Round "2"]
[White "Seiler Sar, Solal"]
[Black "Mekhane, Adam"]
[Result "0-1"]
[WhiteElo "1849"]
[BlackElo "2280"]
[PlyCount "90"]
[EventDate "2023.04.23"]
[EventType "swiss"]
[EventRounds "9"]
[EventCountry "FRA"]
[SourceTitle "CBM 214 Extra"]
[Source "ChessBase"]
[SourceDate "2023.07.31"]
[SourceVersion "1"]
[SourceVersionDate "2023.07.31"]
[SourceQuality "1"]

1. e4 e5 2. Nf3 Nc6 3. Bc4 Nf6 4. d3 Bc5 5. c3 a6 6. Bb3 Ba7 7. Nbd2 0-0 8. 0-0 d6 9. h3 Be6 10. Bc2 d5 11. exd5 Nxd5 12. Re1 Nf4 13. Ne4 Ng6 14. Bg5 f6 15. Be3 Bxe3 16. fxe3 Qe7 17. d4 b6 18. Qe2 Kh8 19. b3 Bg8 20. Ng3 exd4 21. Nf5 Qd7 22. exd4 Rfe8 23. Qd2 Nce7 24. Nxe7 Rxe7 25. Rxe7 Qxe7 26. Re1 Qd6 27. Qe3 Bf7 28. Qd3 Qg3 29. Re7 Bg8 30. Re4 Nf4 31. Rxf4 Qxf4 32. Kf2 Re8 33. g3 Qc1 34. c4 c6 35. h4 b5 36. d5 cxd5 37. cxd5 Rd8 38. d6 Qa3 39. Qf5 Qxd6 40. g4 Qb6+ 41. Kf1 Qe3 42. g5 Rd5 43. Qg4 Qc1+ 44. Ne1 Re5 45. Qg3 Rxe1+ 0-1